|
|
|
|
| LEADER |
00981nam a2200253 a 4500 |
| 001 |
c000350880 |
| 003 |
CARM |
| 005 |
00000000000000.0 |
| 008 |
690605s1969 nyua b 00110 eng |
| 019 |
1 |
|
|a 31397
|z 45096798
|5 LACONCORD2021
|
| 035 |
|
|
|a (OCoLC)4347
|5 LACONCORD2021
|
| 040 |
|
|
|d NMQU
|d XCCF
|
| 050 |
0 |
0 |
|a JX1308
|b .R6 1969
|
| 082 |
1 |
|
|a 327
|2 19
|
| 100 |
1 |
|
|a Rosenau, James N.
|q (James Nathan)
|e ed.
|
| 245 |
1 |
|
|a International politics and foreign policy :
|b a reader in research and theory /
|c edited by James N. Rosenau.
|
| 250 |
|
|
|a Rev. ed.
|
| 260 |
|
|
|a New York :
|b Free Press,
|c [1969]
|
| 300 |
|
|
|a xx, 740 p. :
|b ill. ;
|c 30 cm.
|
| 504 |
|
|
|a Includes bibliographical footnotes and indexes.
|
| 650 |
|
0 |
|a International relations.
|
| 852 |
8 |
|
|b CARM
|h A1:AM09D0
|i F02822
|p 0425444
|f BK
|
| 999 |
f |
f |
|i 47477c17-01c2-5703-a661-f4502dc91433
|s 94989247-9856-55e4-9325-60cf28bc149c
|
| 952 |
f |
f |
|p Can circulate
|a CAVAL
|b CAVAL
|c CAVAL
|d CARM 1 Store
|e F02822
|f A1:AM09D0
|h Other scheme
|i book
|m 0425444
|